000 00484nam a22001937a 4500
003 NUST - PNEC
005 20170116180823.0
008 150625b xxu||||| |||| 00| 0 eng d
020 _a0030860784
040 _cLIBRARY
082 _a512 HUN
100 _94227
_aHungerford, Thomas W.
245 _aAlgebra
_cThomas W. Hungerford
250 _a1st ed
260 _aNew York
_bHolt McDougal;
_cc1974.
300 _a502 p. :
650 _94228
_aAlgebra
_xGeneral
942 _2ddc
_cBK
999 _c63806
_d63806